000 00739nam a2200253Ia 4500
003 OSt
005 20220927112839.0
006 a|||||r|||| 00| 0
007 ta
008 220926b |||||||| |||| 00| 0 eng d
024 _a150068
037 _cReports
040 _aRTL
_cRTL
_beng
041 _2eng
_aeng
082 _a"X9(J):8-243r, LO/GD"
110 _a"India, Agriculture (Ministry of-) Economic and Statistics"
_9384331
245 0 _aReport 1969-70 ; 1970
260 _c1970
300 _a543 p
_ccm.
490 _aEconomic and Statistics (Dept. of-)
700 _a"India, Agriculture (Ministry of-) Economic and Statistics"
_9384332
942 _h"X9(J):8-243r, LO/GD"
_cCC
999 _c700763
_d700763